Cẩm nang dành cho nhà quản lý theo phong cách mới

Saved in:
Bibliographic Details
Main Author: Stettner, Morey
Format: Book
Language:Undetermined
Published: Thành phố Hồ Chí Minh Tổng hợp Thành phố Hồ Chí Minh 2004
Subjects:
Tags: Add Tag
No Tags, Be the first to tag this record!
Institutions: Trung tâm Học liệu Trường Đại học Cần Thơ
LEADER 00599nam a2200193Ia 4500
001 CTU_74194
008 210402s9999 xx 000 0 und d
020 |b 15000 
082 |a 658.3 
082 |b S841 
100 |a Stettner, Morey 
245 0 |a Cẩm nang dành cho nhà quản lý theo phong cách mới 
245 0 |c Morey Stettner 
260 |a Thành phố Hồ Chí Minh 
260 |b Tổng hợp Thành phố Hồ Chí Minh 
260 |c 2004 
650 |a Business,Management 
904 |i Năm, Qhieu 
980 |a Trung tâm Học liệu Trường Đại học Cần Thơ